000 01337cam a2200337 a 4500
999 _c27262
_d27262
001 635381
003 OSt
005 20170208085056.0
008 930902s1995 ilua b 000 0 eng
010 _a 93029238
020 _a0226752135
040 _aDLC
_cDLC
_dDLC
043 _an-us---
050 0 0 _aN8600
_b.S53 1995
082 0 0 _a701/.03
_220
100 1 _aShell, Marc.
245 1 0 _aArt & money /
_cMarc Shell.
260 _aChicago :
_bUniversity of Chicago Press,
_cc1995.
300 _axvi, 213 p. :
_bill. (some col.) ;
_c24 cm.
504 _aIncludes bibliographical references (p. 181-208).
650 0 _aArt
_xEconomic aspects.
650 0 _aArt
_xEconomic aspects
_zUnited States.
740 0 _aArt and money.
856 4 2 _3Publisher description
_uhttp://www.loc.gov/catdir/description/uchi052/93029238.html
856 4 1 _3Table of contents only
_uhttp://www.loc.gov/catdir/enhancements/fy0608/93029238-t.html
906 _a7
_bcbc
_corignew
_d1
_eocip
_f19
_gy-gencatlg
942 _2lcc
_cBOOKS
_hN 8600 .S53 1995